000 00297nam a22001337a 4500
008 260312b |||||||| |||| 00| 0 eng d
020 _a9789390777594
040 _a30
100 _aSINGH,M.
245 _aRACHNA SHAREER-1
260 _aVARANSHI
_bCHAUKHAMBA
_c2023
300 _a556
942 _c01
999 _c67190
_d67190